000 00394nam a2200157 i 4500
001 33824
003 ES-MaACL
005 20230906154828.0
007 t|
008 030203s1917 fr ||||1| fre d
100 1 _aBlanchon, G.
_929161
245 1 0 _aAux heures d'angoisse /
_cG. Blanchon.
260 _a[Mayenne :
_bColni],
_c1917.
300 _a244 p. ;
_c19 cm.
852 _aES-MaACL
_jF-2988
999 _c33824
_d33824